[Event "Ruhrgebiet Verbandsklasse Gruppe 3 1819"]
[Site "Nordrheinwestfalen"]
[Date "2019.01.20"]
[Round "5.5"]
[White "Wendehals, Thomas"]
[Black "Schlueter, Christoph"]
[Result "1/2-1/2"]
[WhiteElo "1748"]
[BlackElo "1963"]
[PlyCount "31"]
[EventDate "2018.09.23"]
[EventType "team-tourn"]
[EventRounds "9"]
[EventCountry "GER"]
[SourceTitle "EXT 2022"]
[Source "ChessBase"]
[SourceDate "2021.10.06"]
[SourceVersion "1"]
[SourceVersionDate "2021.10.06"]
[SourceQuality "1"]
[WhiteTeam "Witten"]
[BlackTeam "Kirchhellen SF"]
[WhiteTeamCountry "GER"]
[BlackTeamCountry "GER"]

1. e4 c5 2. Nf3 e6 3. d3 Nc6 4. g3 d6 5. Bg2 g6 6. 0-0 Bg7 7. c3 Nge7 8. Be3 b6 9. Qd2 Ba6 10. Rd1 0-0 11. Bh6 Rc8 12. Bxg7 Kxg7 13. Na3 Qc7 14. d4 Na5 15. dxc5 dxc5 16. Qd7 1/2-1/2

[Event "Ruhrgebiet Verbandsklasse Gruppe 2 1718"]
[Site "Germany"]
[Date "2018.02.25"]
[Round "7.3"]
[White "Zygan, Michael"]
[Black "Schlueter, Christoph"]
[Result "1/2-1/2"]
[WhiteElo "1811"]
[BlackElo "1975"]
[PlyCount "40"]
[EventDate "2017.09.17"]
[EventType "team-tourn"]
[EventRounds "9"]
[EventCountry "GER"]
[SourceTitle "EXT 2022"]
[Source "ChessBase"]
[SourceDate "2021.10.06"]
[SourceVersion "1"]
[SourceVersionDate "2021.10.06"]
[SourceQuality "1"]
[WhiteTeam "Sodingen/Castrop SK III"]
[BlackTeam "Kirchhellen SF"]
[WhiteTeamCountry "GER"]
[BlackTeamCountry "GER"]

1. d4 Nf6 2. c4 g6 3. Nc3 d5 4. cxd5 Nxd5 5. e4 Nxc3 6. bxc3 Bg7 7. Nf3 0-0 8. Be3 c5 9. Qd2 Qa5 10. Rb1 cxd4 11. cxd4 Qxd2+ 12. Bxd2 b6 13. Bc4 Bb7 14. d5 Rc8 15. Bd3 Nd7 16. Ke2 Nc5 17. Rhc1 e6 18. dxe6 Nxe6 19. Be3 Bf8 20. Ng5 Ba3 1/2-1/2

[Event "Ruhrgebiet Verbandsliga Gruppe 2 1617"]
[Site "Germany"]
[Date "2017.02.19"]
[Round "7.1"]
[White "Roth, Markus"]
[Black "Schlueter, Christoph"]
[Result "1-0"]
[WhiteElo "2157"]
[BlackElo "1993"]
[PlyCount "87"]
[EventDate "2016.09.04"]
[EventType "team-tourn"]
[EventRounds "9"]
[EventCountry "GER"]
[SourceTitle "EXT 2022"]
[Source "ChessBase"]
[SourceDate "2021.10.06"]
[SourceVersion "1"]
[SourceVersionDate "2021.10.06"]
[SourceQuality "1"]
[WhiteTeam "Essen Werden"]
[BlackTeam "Kirchhellen SF"]
[WhiteTeamCountry "GER"]
[BlackTeamCountry "GER"]

1. Nf3 e6 2. g3 d5 3. c4 c6 4. Bg2 f5 5. 0-0 Nf6 6. d3 Bd6 7. Nc3 0-0 8. e4 Bc7 9. Be3 Na6 10. Rc1 dxc4 11. dxc4 Ng4 12. Qxd8 Rxd8 13. Bg5 Re8 14. h3 Ne5 15. Nxe5 Bxe5 16. Rfd1 h6 17. Be3 Bc7 18. Nb5 cxb5 19. cxb5 Bb6 20. bxa6 Bxe3 21. fxe3 bxa6 22. exf5 Rb8 23. Bc6 Rf8 24. b3 exf5 25. Bd5+ Kh7 26. Rc7 Rb6 27. Rxa7 Be6 28. Rb7 Rd6 29. Bf3 Rfd8 30. Rxd6 Rxd6 31. Re7 Kg6 32. Rc7 Kf6 33. Kf1 g5 34. Ke1 f4 35. exf4 gxf4 36. gxf4 Bxh3 37. Rc6 Rxc6 38. Bxc6 a5 39. Kf2 Be6 40. Be4 Bf7 41. Bc2 a4 42. bxa4 Bxa2 43. Be4 Bc4 44. Bb7 1-0

[Event "Ruhrgebiet Verbandsliga Gruppe 2 1617"]
[Site "Germany"]
[Date "2016.09.04"]
[Round "1.1"]
[White "Hassenrueck, Helmut"]
[Black "Schlueter, Christoph"]
[Result "1-0"]
[WhiteElo "2106"]
[BlackElo "1993"]
[PlyCount "53"]
[EventDate "2016.09.04"]
[EventType "team-tourn"]
[EventRounds "9"]
[EventCountry "GER"]
[SourceTitle "EXT 2022"]
[Source "ChessBase"]
[SourceDate "2021.10.06"]
[SourceVersion "1"]
[SourceVersionDate "2021.10.06"]
[SourceQuality "1"]
[WhiteTeam "Gladbeck SG"]
[BlackTeam "Kirchhellen SF"]
[WhiteTeamCountry "GER"]
[BlackTeamCountry "GER"]

1. d4 e6 2. Nf3 Nf6 3. c4 d5 4. Nc3 Be7 5. Bf4 0-0 6. e3 b6 7. cxd5 Nxd5 8. Nxd5 Qxd5 9. Be2 Qa5+ 10. Nd2 Bb7 11. 0-0 Rc8 12. Nc4 Qf5 13. Bg4 Qb5 14. Rc1 Nd7 15. a4 Qb4 16. e4 Bf8 17. d5 Qe7 18. Bxc7 exd5 19. Nd6 Nc5 20. Bxc8 Bxc8 21. Nxc8 Rxc8 22. Bg3 dxe4 23. b4 Rd8 24. Qe2 Nd3 25. Rc7 Qxb4 26. Qa2 Be7 27. Rb1 1-0

[Event "Ruhrgebiet VK2 1213"]
[Site "Nordrheinwestfalen"]
[Date "2012.09.30"]
[Round "2"]
[White "Mueller Clostermann, Bruno"]
[Black "Schlueter, Christoph"]
[Result "1-0"]
[WhiteElo "2055"]
[BlackElo "2011"]
[PlyCount "49"]
[EventDate "2012.09.02"]
[EventType "team-tourn"]
[EventRounds "9"]
[EventCountry "GER"]
[SourceTitle "EXT 2020"]
[Source "ChessBase"]
[SourceDate "2019.10.17"]
[SourceVersion "1"]
[SourceVersionDate "2019.10.17"]
[SourceQuality "1"]
[WhiteTeam "Katernberg SF III"]
[BlackTeam "Kirchhellen SF"]
[WhiteTeamCountry "GER"]
[BlackTeamCountry "GER"]

1. d4 Nf6 2. c4 c6 3. Nf3 d5 4. cxd5 cxd5 5. Nc3 Nc6 6. Bf4 e6 7. e3 Be7 8. Rc1 0-0 9. Bd3 Nh5 10. Bg3 f5 11. Ne5 Nxg3 12. Nxc6 bxc6 13. hxg3 g6 14. a3 c5 15. dxc5 Bxc5 16. b4 Be7 17. Qb3 Rb8 18. 0-0 Bd7 19. Rfd1 Kg7 20. Na4 Qe8 21. Nc5 Kh6 22. Rd2 a5 23. Rdc2 axb4 24. axb4 Ba4 25. Qxa4 1-0

[Event "Ruhrgebiet VK2 1213"]
[Site "Nordrheinwestfalen"]
[Date "2012.09.02"]
[Round "1"]
[White "Panofen, Ingo"]
[Black "Schlueter, Christoph"]
[Result "1-0"]
[WhiteElo "1912"]
[BlackElo "2011"]
[PlyCount "111"]
[EventDate "2012.09.02"]
[EventType "team-tourn"]
[EventRounds "9"]
[EventCountry "GER"]
[SourceTitle "EXT 2020"]
[Source "ChessBase"]
[SourceDate "2019.10.17"]
[SourceVersion "1"]
[SourceVersionDate "2019.10.17"]
[SourceQuality "1"]
[WhiteTeam "Castrop Rauxel II"]
[BlackTeam "Kirchhellen SF"]
[WhiteTeamCountry "GER"]
[BlackTeamCountry "GER"]

1. d4 d5 2. c4 e6 3. Nc3 Be7 4. Nf3 Nf6 5. Bg5 0-0 6. e3 h6 7. Bh4 Nbd7 8. Bd3 dxc4 9. Bxc4 a6 10. a4 c5 11. 0-0 cxd4 12. exd4 Nb6 13. Bd3 Nbd5 14. Rc1 Bd7 15. Ne5 Rc8 16. Bb1 Bc6 17. Re1 Nxc3 18. bxc3 g5 19. Bg3 Qd5 20. Nxc6 Qxc6 21. Qc2 Rfd8 22. Be5 Kf8 23. Re3 Ke8 24. Rf3 Ng4 25. Bg7 f5 26. h3 Nf6 27. Bxh6 Ne4 28. Qd1 Kf7 29. h4 g4 30. Bxe4 Qxe4 31. Rf4 Qd5 32. Qxg4 Rg8 33. Qh5+ Rg6 34. Bg5 Rcg8 35. g3 Bxg5 36. hxg5 Kf8 37. Re1 Rxg5 38. Qh6+ Kf7 39. Kh2 R5g6 40. Qh5 Kf6 41. Re5 Qd7 42. a5 Rg5 43. Qh6+ R5g6 44. Qh3 Rg4 45. Rxg4 Rxg4 46. Qh8+ Rg7 47. Qf8+ Kg6 48. Kg1 Rf7 49. Qg8+ Kf6 50. f4 Rg7 51. Qh8 Kf7 52. Qh5+ Kg8 53. Kf2 Qc6 54. Qh6 Kf7 55. d5 Qc5+ 56. Kg2 1-0

[Event "Ruhrgebiet VK3 1112"]
[Site "Nordrheinwestfalen"]
[Date "2012.01.08"]
[Round "5"]
[White "Schlueter, Christoph"]
[Black "Ganzer, Uwe"]
[Result "1/2-1/2"]
[WhiteElo "2032"]
[BlackElo "2079"]
[PlyCount "61"]
[EventDate "2012.09.18"]
[EventType "team-tourn"]
[EventRounds "9"]
[EventCountry "GER"]
[SourceTitle "EXT 2020"]
[Source "ChessBase"]
[SourceDate "2019.10.17"]
[SourceVersion "1"]
[SourceVersionDate "2019.10.17"]
[SourceQuality "1"]
[WhiteTeam "Kirchhellen SF"]
[BlackTeam "Dortmund SV"]
[WhiteTeamCountry "GER"]
[BlackTeamCountry "GER"]

1. e4 c5 2. Nf3 e6 3. d4 cxd4 4. Nxd4 a6 5. Bd3 Qc7 6. Be3 Nf6 7. 0-0 Be7 8. Qe2 0-0 9. Nd2 d5 10. exd5 Nxd5 11. c3 Nf4 12. Bxf4 Qxf4 13. Rfe1 Bf6 14. g3 Qc7 15. Nc2 g6 16. h4 Nd7 17. Ne4 Bg7 18. Ng5 Nc5 19. Rad1 b5 20. Ne4 Nxd3 21. Qxd3 Bb7 22. Qd7 Rac8 23. Qxc7 Rxc7 24. f3 h6 25. Kf2 e5 26. Nb4 Ra8 27. Nd5 Bxd5 28. Rxd5 f5 29. Nc5 Kf7 30. Red1 Bf8 31. Nd7 1/2-1/2

[Event "Ruhrgebiet VK3 1112"]
[Site "Nordrheinwestfalen"]
[Date "2011.10.09"]
[Round "2"]
[White "Hater, Norbert"]
[Black "Schlueter, Christoph"]
[Result "1/2-1/2"]
[WhiteElo "1895"]
[BlackElo "2032"]
[PlyCount "149"]
[EventDate "2012.09.18"]
[EventType "team-tourn"]
[EventRounds "9"]
[EventCountry "GER"]
[SourceTitle "EXT 2020"]
[Source "ChessBase"]
[SourceDate "2019.10.17"]
[SourceVersion "1"]
[SourceVersionDate "2019.10.17"]
[SourceQuality "1"]
[WhiteTeam "Ickern"]
[BlackTeam "Kirchhellen SF"]
[WhiteTeamCountry "GER"]
[BlackTeamCountry "GER"]

1. d4 Nf6 2. Nc3 d5 3. e4 dxe4 4. f3 exf3 5. Nxf3 g6 6. Bc4 Bg7 7. Bg5 0-0 8. Qd2 c5 9. 0-0-0 cxd4 10. Nxd4 Nc6 11. Nxc6 Qxd2+ 12. Rxd2 bxc6 13. Re1 h6 14. Bh4 Re8 15. Bxf6 Bxf6 16. Ne4 Be5 17. Ng5 Bxb2+ 18. Kxb2 hxg5 19. Re5 Rb8+ 20. Kc3 g4 21. Rd6 e6 22. Rg5 Kg7 23. Rxg4 Rb6 24. Rg5 c5 25. Rd1 f5 26. a4 Kf6 27. h4 Rh8 28. a5 Rb4 29. g3 Ra4 30. Rb1 Ra3+ 31. Kd2 Rd8+ 32. Kc1 Rxa5 33. Rb8 Re8 34. Bb5 Rd8 35. g4 a6 36. Bd3 Ra4 37. gxf5 gxf5 38. Rh5 c4 39. Bxf5 exf5 40. Rh6+ Ke5 41. Rc6 Bd7 42. Rc5+ Kd6 43. Rxd8 Kxc5 44. Rxd7 c3 45. Rc7+ Kd4 46. Kd1 Ra1+ 47. Ke2 Rh1 48. Rd7+ Kc4 49. Rc7+ Kb4 50. Rb7+ Ka4 51. Kd3 Rh3+ 52. Kc4 Rxh4+ 53. Kxc3 a5 54. Rb1 Rb4 55. Rh1 f4 56. Rh3 f3 57. Kd3 Rf4 58. Ke3 Rf7 59. Kf2 Kb4 60. Rh4+ Kc3 61. Ra4 Rf5 62. Ra2 Kb4 63. Rb2+ Ka3 64. Rb7 a4 65. c4 Ka2 66. Rb5 Rf4 67. c5 Rf5 68. Rb4 a3 69. c6 Rc5 70. Rb6 Rc3 71. Kg3 Ka1 72. Kf2 a2 73. Kg3 f2+ 74. Kxf2 Rc1 75. Ke3 1/2-1/2

[Event "Ruhrgebiet Verbandsliga1 1011"]
[Site "Nordrheinwestfalen"]
[Date "2011.03.20"]
[Round "8.2"]
[White "Ganzer, Uwe"]
[Black "Schlueter, Christoph"]
[Result "1/2-1/2"]
[WhiteElo "2079"]
[BlackElo "2022"]
[PlyCount "87"]
[EventDate "2011.09.12"]
[EventType "team-tourn"]
[EventRounds "9"]
[EventCountry "GER"]
[SourceTitle "EXT 2020"]
[Source "ChessBase"]
[SourceDate "2019.10.17"]
[SourceVersion "1"]
[SourceVersionDate "2019.10.17"]
[SourceQuality "1"]
[WhiteTeam "Dortmund SV"]
[BlackTeam "Kirchhellen SF"]
[WhiteTeamCountry "GER"]
[BlackTeamCountry "GER"]

1. Nf3 Nf6 2. c4 c6 3. b3 d5 4. Bb2 Bf5 5. d3 h6 6. Nbd2 e6 7. Qc2 Be7 8. g3 0-0 9. Bg2 Bh7 10. 0-0 a5 11. Bc3 Na6 12. Qb2 b5 13. cxb5 cxb5 14. Ne5 Rc8 15. Ndf3 Qb6 16. Rac1 Rfd8 17. Bd4 Qb7 18. Qd2 Bb4 19. Qb2 Bf8 20. h3 Ne8 21. Rxc8 Rxc8 22. Rc1 f6 23. Ng4 Rc6 24. Ne3 Qc8 25. Rxc6 Qxc6 26. Bc3 b4 27. Bd2 Nac7 28. Qc2 Qxc2 29. Nxc2 e5 30. Be3 d4 31. Bc1 Nb5 32. Kf1 Bc5 33. Nd2 Ned6 34. Nc4 e4 35. Nb2 Nc3 36. Bf4 Ndb5 37. dxe4 Nxe4 38. Nd3 Be7 39. Bxe4 Bxe4 40. Bc1 Kf7 41. Bb2 Bxd3 42. exd3 Bc5 43. Bc1 Ke6 44. Ke1 1/2-1/2

[Event "Ruhrgebiet Verbandsliga1 1011"]
[Site "Nordrheinwestfalen"]
[Date "2010.12.05"]
[Round "4.2"]
[White "Schlueter, Christoph"]
[Black "Boehm, Ingo"]
[Result "1/2-1/2"]
[WhiteElo "2022"]
[BlackElo "2087"]
[PlyCount "46"]
[EventDate "2011.09.12"]
[EventType "team-tourn"]
[EventRounds "9"]
[EventCountry "GER"]
[SourceTitle "EXT 2020"]
[Source "ChessBase"]
[SourceDate "2019.10.17"]
[SourceVersion "1"]
[SourceVersionDate "2019.10.17"]
[SourceQuality "1"]
[WhiteTeam "Kirchhellen SF"]
[BlackTeam "Bochum-Linden-Dahlhausen"]
[WhiteTeamCountry "GER"]
[BlackTeamCountry "GER"]

1. e4 c6 2. d4 d5 3. Nc3 dxe4 4. Nxe4 Nf6 5. Ng5 Bf5 6. Bc4 e6 7. Ne2 h6 8. Nf3 Nbd7 9. Ng3 Bh7 10. 0-0 Bd6 11. Qe2 Qe7 12. Bb3 0-0 13. Re1 Rfe8 14. Ne5 c5 15. Nxd7 Qxd7 16. dxc5 Bxc5 17. Nh5 Nxh5 18. Qxh5 Qc6 19. c3 Rad8 20. Qe2 Bd3 21. Qg4 Bf5 22. Qg3 Rd3 23. Qh4 b5 1/2-1/2

[Event "Ruhrgebiet Verbandsliga1 1011"]
[Site "Nordrheinwestfalen"]
[Date "2010.10.24"]
[Round "2.2"]
[White "Schlueter, Christoph"]
[Black "Burchert, Wolfgang"]
[Result "1/2-1/2"]
[WhiteElo "2022"]
[BlackElo "2095"]
[PlyCount "31"]
[EventDate "2011.09.12"]
[EventType "team-tourn"]
[EventRounds "9"]
[EventCountry "GER"]
[SourceTitle "EXT 2020"]
[Source "ChessBase"]
[SourceDate "2019.10.17"]
[SourceVersion "1"]
[SourceVersionDate "2019.10.17"]
[SourceQuality "1"]
[WhiteTeam "Kirchhellen SF"]
[BlackTeam "Dortmund Hansa III"]
[WhiteTeamCountry "GER"]
[BlackTeamCountry "GER"]

1. e4 e6 2. d4 d5 3. Nc3 Bb4 4. e5 c5 5. Bd2 cxd4 6. Nb5 Bxd2+ 7. Qxd2 Nc6 8. f4 Nh6 9. Nd6+ Kf8 10. Nf3 f6 11. Bd3 Nf7 12. Nxc8 Rxc8 13. Nxd4 Nxd4 14. Qb4+ Qe7 15. Qxd4 Qc5 16. c3 1/2-1/2

[Event "Ruhrgebiet VK2 0910"]
[Site "Ruhrgebiet"]
[Date "2010.02.21"]
[Round "7.2"]
[White "Schorra, Helmut"]
[Black "Schlueter, Christoph"]
[Result "1-0"]
[WhiteElo "2128"]
[BlackElo "1999"]
[PlyCount "89"]
[EventDate "2009.09.06"]
[EventType "team"]
[EventRounds "9"]
[EventCountry "GER"]
[SourceTitle "EXT 2011"]
[Source "ChessBase"]
[SourceDate "2010.11.26"]
[SourceVersion "1"]
[SourceVersionDate "2010.11.26"]
[SourceQuality "1"]
[WhiteTeam "Buer"]
[BlackTeam "Kirchhellen SF"]
[WhiteTeamCountry "GER"]
[BlackTeamCountry "GER"]

1. d4 Nf6 2. c4 e6 3. Nc3 Bb4 4. e3 0-0 5. Nge2 d5 6. cxd5 exd5 7. g3 c6 8. Bg2 Re8 9. 0-0 Nbd7 10. f3 Nb6 11. e4 dxe4 12. fxe4 Bg4 13. Bg5 Be7 14. Qb3 Be6 15. Qc2 h6 16. Bf4 Nh5 17. Rad1 Nxf4 18. Nxf4 Bg4 19. Rd3 Bf6 20. Qf2 Rf8 21. h3 Be6 22. Nxe6 fxe6 23. e5 Be7 24. Qe2 Rxf1+ 25. Bxf1 Qe8 26. Qg4 Bb4 27. Ne4 Kh8 28. a3 Bf8 29. h4 Rd8 30. Bh3 c5 31. Qd1 cxd4 32. Rxd4 Nd5 33. Kh2 Qf7 34. Qd2 Re8 35. Nd6 Bxd6 36. exd6 Nb6 37. Bg2 e5 38. Rb4 Qf8 39. a4 Rd8 40. a5 Rxd6 41. Qe1 Nd7 42. Rxb7 Nf6 43. Qb4 Kh7 44. Rxa7 Qc8 45. Be4+ 1-0

[Event "Ruhrgebiet VK2 0910"]
[Site "Ruhrgebiet"]
[Date "2010.02.07"]
[Round "6.2"]
[White "Schlueter, Christoph"]
[Black "Mackowiak, Sascha"]
[Result "1/2-1/2"]
[WhiteElo "1999"]
[BlackElo "1934"]
[PlyCount "28"]
[EventDate "2009.09.06"]
[EventType "team"]
[EventRounds "9"]
[EventCountry "GER"]
[SourceTitle "EXT 2011"]
[Source "ChessBase"]
[SourceDate "2010.11.26"]
[SourceVersion "1"]
[SourceVersionDate "2010.11.26"]
[SourceQuality "1"]
[WhiteTeam "Kirchhellen SF"]
[BlackTeam "Bochum SV II"]
[WhiteTeamCountry "GER"]
[BlackTeamCountry "GER"]

1. e4 e6 2. d4 d5 3. e5 c5 4. c3 Nc6 5. Nf3 Qb6 6. Be2 cxd4 7. cxd4 Nh6 8. b3 Bb4+ 9. Kf1 Nf5 10. Bb2 h5 11. Nc3 Bd7 12. Na4 Qd8 13. Rc1 Rc8 14. h4 Be7 1/2-1/2

[Event "Ruhrgebiet VK2 0910"]
[Site "Ruhrgebiet"]
[Date "2009.12.06"]
[Round "4.2"]
[White "Schlueter, Christoph"]
[Black "Grube, Frank"]
[Result "1-0"]
[WhiteElo "1999"]
[BlackElo "1933"]
[PlyCount "49"]
[EventDate "2009.09.06"]
[EventType "team"]
[EventRounds "9"]
[EventCountry "GER"]
[SourceTitle "EXT 2011"]
[Source "ChessBase"]
[SourceDate "2010.11.26"]
[SourceVersion "1"]
[SourceVersionDate "2010.11.26"]
[SourceQuality "1"]
[WhiteTeam "Kirchhellen SF"]
[BlackTeam "Unna SV"]
[WhiteTeamCountry "GER"]
[BlackTeamCountry "GER"]

1. e4 c5 2. Nf3 e6 3. d4 cxd4 4. Nxd4 a6 5. Bd3 Qc7 6. 0-0 Nf6 7. Qe2 Nc6 8. Nxc6 dxc6 9. e5 Nd7 10. Bf4 b5 11. Nd2 g5 12. Bxg5 Bg7 13. f4 Nc5 14. Rad1 Bb7 15. Ne4 Nxe4 16. Bxe4 c5 17. Qf3 Bxe4 18. Qxe4 Rc8 19. c4 Rg8 20. Rf2 Bxe5 21. fxe5 Rxg5 22. Qxh7 Rd8 23. Qh8+ Ke7 24. Qf6+ Ke8 25. Rxd8+ 1-0

[Event "Ruhrgebiet VL1 0708"]
[Site "Germany"]
[Date "2008.04.27"]
[Round "9.1"]
[White "Burchert, Wolfgang"]
[Black "Schlueter, Christoph"]
[Result "1/2-1/2"]
[WhiteElo "2174"]
[BlackElo "2139"]
[PlyCount "71"]
[EventDate "2007.09.02"]
[EventType "team"]
[EventRounds "9"]
[EventCountry "GER"]
[SourceTitle "EXT 2009"]
[Source "ChessBase"]
[SourceDate "2008.11.26"]
[SourceVersion "1"]
[SourceVersionDate "2008.11.26"]
[SourceQuality "1"]
[WhiteTeam "Dortmund Hansa II"]
[BlackTeam "Kirchhellen SF"]
[WhiteTeamCountry "GER"]
[BlackTeamCountry "GER"]

1. e4 c5 2. c3 Nf6 3. e5 Nd5 4. d4 cxd4 5. cxd4 d6 6. Nf3 e6 7. Nc3 Nxc3 8. bxc3 Nc6 9. Bf4 dxe5 10. Nxe5 Nxe5 11. Bxe5 Qd5 12. f3 f6 13. Bg3 Bd7 14. Qb3 Rc8 15. Qxd5 exd5 16. Kd2 Bf5 17. Bd3 Bxd3 18. Kxd3 Kd7 19. Rab1 b6 20. Rb5 Kc6 21. a4 Bd6 22. Bxd6 Kxd6 23. a5 Rc6 24. axb6 axb6 25. Ra1 Rhc8 26. Rb3 Kd7 27. Ra6 Rb8 28. Rb5 Kd6 29. Ra7 Rbc8 30. Rb3 R8c7 31. Ra8 Rb7 32. Kd2 Rcc7 33. Rb1 Kc6 34. Re8 Re7 35. Rc8+ Rec7 36. Re8 1/2-1/2

[Event "Ruhrgebiet VL1 0708"]
[Site "Germany"]
[Date "2007.11.18"]
[Round "3.1"]
[White "Schlueter, Christoph"]
[Black "Boehm, Joachim"]
[Result "1/2-1/2"]
[WhiteElo "2139"]
[BlackElo "2211"]
[PlyCount "49"]
[EventDate "2007.09.02"]
[EventType "team"]
[EventRounds "9"]
[EventCountry "GER"]
[SourceTitle "EXT 2009"]
[Source "ChessBase"]
[SourceDate "2008.11.26"]
[SourceVersion "1"]
[SourceVersionDate "2008.11.26"]
[SourceQuality "1"]
[WhiteTeam "Kirchhellen SF"]
[BlackTeam "Osterfeld "]
[WhiteTeamCountry "GER"]
[BlackTeamCountry "GER"]

1. d4 Nf6 2. c4 g6 3. Nc3 d5 4. cxd5 Nxd5 5. e4 Nxc3 6. bxc3 Bg7 7. Nf3 0-0 8. Rb1 b6 9. Be2 Bb7 10. Qc2 e6 11. 0-0 c5 12. dxc5 Qc7 13. cxb6 axb6 14. Rb3 Nd7 15. Be3 Ra4 16. Nd2 Rfa8 17. Qb1 Rxa2 18. Bxb6 Nxb6 19. Rxb6 Bc8 20. Rb2 Rxb2 21. Qxb2 Qa5 22. Nf3 Bxc3 23. Qb5 Qa3 24. Qe8+ Kg7 25. Ng5 1/2-1/2

[Event "Duisburg Grossenbaum op"]
[Site "Duisburg"]
[Date "2006.06.11"]
[Round "5"]
[White "Ratzmann, Stefan"]
[Black "Schlueter, Christoph"]
[Result "1/2-1/2"]
[WhiteElo "1842"]
[BlackElo "2157"]
[PlyCount "29"]
[EventDate "2006.06.02"]
[EventType "swiss"]
[EventRounds "7"]
[EventCountry "GER"]
[SourceTitle "EXT 2007"]
[Source "ChessBase"]
[SourceDate "2006.11.23"]
[SourceVersion "1"]
[SourceVersionDate "2006.11.23"]
[SourceQuality "1"]

1. d4 Nf6 2. Nf3 e6 3. e3 c5 4. Bd3 b6 5. Nbd2 Be7 6. 0-0 Bb7 7. b3 Qc7 8. Bb2 d6 9. c4 Nbd7 10. Qc2 a6 11. Ne4 Rc8 12. Nxf6+ Nxf6 13. Qe2 h6 14. d5 exd5 15. cxd5 1/2-1/2